000 00317nam a22001337a 4500
008 260428b ||||| |||| 00| 0 eng d
020 _a9789951823036
041 _aShqip
080 _a821.1
100 _a20
101 _aNgjarje
245 _aSi të lahet Borxhi ndaj Prindërve
_cShefki Stublla
942 _2udc
_cBK
999 _c61009
_d61009